Paroles - Sanna sur la croix, Indochine - Statistiques

Statistiques générales
  • Ce quiz a été pris 77 fois
  • Le résultat moyen est 148 sur 166
Statistiques - réponses
Réponse % Correct
Comme
100%
croix
100%
Ils
100%
la
100%
sur
100%
te
100%
à
98%
je
98%
les
98%
Les
98%
Marie
98%
ne
98%
vont
98%
Ce
95%
ce
95%
méritent
95%
moi
95%
Moi
95%
oui
95%
pas
95%
sa
95%
Sanna
95%
dans
93%
des
93%
Oh !
93%
oh !
93%
que
93%
qui
93%
sont
93%
un
93%
bien
91%
et
91%
Et
91%
gens
91%
indiens
91%
jeter
91%
maman
91%
moins
91%
n'est
91%
putain
91%
rien
91%
sort
91%
trains
91%
Alors
88%
rares
88%
Sous
88%
sous
88%
vraiment
88%
es
86%
Tu
86%
y
86%
au
84%
avec
84%
on
84%
toi
84%
corps
81%
danser
79%
du
79%
ira
79%
météor
79%
suivrai
79%
Surtout
79%
aussi
77%
belle
77%
bout
77%
jusqu'au
77%
monde
77%
Vous
77%
vous
77%
compris
74%
J'irais
74%
nuit
74%
peine
74%
change
72%
est
72%
Sauve-toi
72%
sauve-toi
72%
brûle
70%
humaine
70%
nulle
70%
pluies
70%
race
67%
se
67%
l'avez
65%
Allez
63%
dire
63%
mentir
63%
ors
58%
laisse-les
53%
crucifierai
44%
Aucun quiz correspondant
Distribution des résultats
% des personnes avec chaque résultat
Percentile par nombre de réponses
Votre historique - résultats
Vous n’avez pas pris ce quiz